| 000 -ლიდერი |
| ფიქსირებული სიგრძის საკონტროლო ველი |
02763nam a22002537a 4500 |
| 003 - საკონტროლო ნომრის იდენტიფიკატორი |
| საკონტროლო ველი |
Ge_BSU |
| 005 - ბოლო ოპერაციის თარიღი და დრო |
| საკონტროლო ველი |
20251209200837.0 |
| 008 - ფიქსირებული სიგრძის მონაცემთა ელემენტები - ზოგადი ინფორმაცია |
| ფიქსირებული სიგრძის საკონტროლო ველი |
251209s2024 ge ||||| |||| 00| 0 geo d |
| 020 ## - წიგნის საერთაშორისო სტანდარტული ნომერი |
| International Standard Book Number |
9789941992919 |
| 041 ## - ენის კოდი |
| Language code of text/sound track or separate title |
geo |
| 080 ## - უნივერსალური ათობითი კლასიფიკაციის ინდექსი |
| Universal Decimal Classification number |
821.353.1-6 ყ-56 |
| 100 ## - მთავარი ჩანაწერი - პიროვნების სახელი |
| Personal name |
ყიფიანი, დიმიტრი |
| 9 (RLIN) |
26428 |
| 245 ## - ცნობა სათაურის შესახებ |
| Title |
თხზულებანი : 10 ტომად. ტომი 8, ოფიციალური და საქმიანი წერილები (1860-1868) / |
| Statement of responsibility, etc |
დიმიტრი ყიფიანი; შეადგინა, რუსული ტექსტები თარგმნა, შენიშვნები, კომენტარები და საძიებლები დაურთო თამაზ ჯოლოგუამ; რედაქტორი რევაზ გოგია; საქართველოს პარლამენტის ეროვნული ბიბლიოთეკა, კორნელი კეკელიძის სახელობის საქართველოს ხელნაწერთა ეროვნული ცენტრი, გიორგი ლეონიძის სახელობის ქართული ლიტერატურის სახელმწიფო მუზეუმი. |
| 264 ## - წარმოების, გამოცემის, დისტრიბუციის და სხვა ცნობები |
| გამოცემის, წარმოების, დისტრიბუციის... ადგილი |
თბილისი : |
| გამოცემის, წარმოების, დისტრიბუციის... სახელწოდება |
საქართველოს პარლამენტის ეროვნული ბიბლიოთეკა, |
| გამოცემის, წარმოების, დისტრიბუციის... თარიღი |
2024 |
| 300 ## - ფიზიკური აღწერა |
| Extent |
602 გვ.; |
| Other physical details |
22 სმ. |
| 500 ## - ზოგადი შენიშვნა |
| General note |
საძიებლები: გვ. 529-601. |
| 501 ## - შენიშვნა თანმხლებ მასალაზე |
| With note |
შენიშვნები და კომენტარები: გვ. 297-528. |
| 653 ## - INDEX TERM--UNCONTROLLED |
| Uncontrolled term |
ქართული ეპისტოლარული ლიტერატურა |
| 700 ## - ADDED ENTRY--PERSONAL NAME |
| Personal name |
ჯოლოგუა, თამაზ |
| Relator term |
შემდგენელი, მთარგმნელი |
| 9 (RLIN) |
26429 |
| 700 ## - ADDED ENTRY--PERSONAL NAME |
| Personal name |
გოგია, რევაზ |
| Relator term |
რედაქტორი |
| 9 (RLIN) |
4009 |
| 710 ## - ADDED ENTRY--CORPORATE NAME |
| Corporate name or jurisdiction name as entry element |
საქართველო პარლამენტი. ეროვნული ბიბლიოთეკა. |
| Subordinate unit |
კორნელი კეკელიძის სახელობის საქართველოს ხელნაწერთა ეროვნული ცენტრი. გიორგი ლეონიძის სახელობის ქართული ლიტერატურის სახელმწიფო მუზეუმი. |
| Relator term |
|
| 9 (RLIN) |
26430 |
| 856 ## - ELECTRONIC LOCATION AND ACCESS |
| Uniform Resource Identifier |
https://dspace.nplg.gov.ge/bitstream/1234/530209/1/Dimitri_Yofiani_Txzulebani_2024_Tomi_VIII.pdf |
| Link text |
ელ. ვერსია |
| 942 ## - ADDED ENTRY ELEMENTS (KOHA) |
| Source of classification or shelving scheme |
|
| Koha item type |
წიგნი |